[Event "4NCL/Div1a/SWD1 vs. BAR1"]
[Site "Sunningdale ENG"]
[Date "2008.10.04"]
[Round "1.4"]
[White "Ferguson, Mark"]
[Black "Kett, Timothy"]
[Result "1-0"]
[WhiteElo "2398"]
[BlackElo "2272"]
[PlyCount "183"]
[EventDate "2008.10.04"]
[SourceDate "2008.10.04"]

1. e4 e5 2. Nf3 Nc6 3. Bc4 Nf6 4. d3 Be7 5. O-O O-O 6. Re1 d6 7. a4 Be6 8. a5
Rb8 9. Nbd2 b5 10. axb6 axb6 11. Bb5 Ra8 12. Rxa8 Qxa8 13. c3 Nb8 14. d4 c6 15.
Bc4 exd4 16. Bxe6 fxe6 17. Nxd4 Qa2 18. e5 dxe5 19. Rxe5 Nbd7 20. Rxe6 Bc5 21.
N2b3 Qb1 22. Re1 Bxd4 23. Nxd4 c5 24. Nf3 Qf5 25. Bg5 Nd5 26. Re5 Nxe5 27.
Qxd5+ Rf7 28. Qxe5 Qb1+ 29. Qe1 Qxb2 30. h3 h6 31. Qe8+ Rf8 32. Qe6+ Kh7 33.
Qe4+ Kg8 34. Qc4+ Kh7 35. Qd3+ Kg8 36. Be3 Qb3 37. Ne5 Qe6 38. f4 Ra8 39. c4
Ra1+ 40. Kh2 Ra2 41. Bd2 g5 42. Qd8+ Kh7 43. Nd7 Qe2 44. Ne5 Ra7 45. Qxb6 Rg7
46. Qb1+ Kg8 47. Qb8+ Kh7 48. Qb1+ Kg8 49. Bc3 gxf4 50. Ng4 f3 51. Nf6+ Kf7 52.
Qb7+ Kg6 53. Qxf3 Qxf3 54. gxf3 Ra7 55. Ne4 Ra4 56. Nxc5 Rxc4 57. Ne4 Ra4 58.
Kg3 Kf5 59. Bd2 Ra6 60. Kf2 Ra2 61. Kg3 Ra6 62. Kh4 Ra3 63. Ng3+ Kg6 64. f4 Rd3
65. f5+ Kh7 66. Bf4 Rd4 67. Kg4 Ra4 68. h4 Rb4 69. h5 Kg7 70. Nf1 Rb1 71. Ne3
Rg1+ 72. Bg3 Rb1 73. Nd5 Rb5 74. Nf4 Rb4 75. Be1 Rc4 76. Ba5 Kf6 77. Bc3+ Kf7
78. Be5 Re4 79. Bh8 Re8 80. Ng6 Re4+ 81. Kf3 Ra4 82. Be5 Ra3+ 83. Ke4 Rh3 84.
Nf4 Rh1 85. f6 Rg1 86. Kd5 Rd1+ 87. Ke4 Rg1 88. Ng6 Rg5 89. Kd5 Rxh5 90. Nh8+
Kf8 91. Ke6 Rg5 92. Bd6+ 1-0

[Event "4NCL/Div1a/SWD1 vs. BAR1"]
[Site "Sunningdale ENG"]
[Date "2008.10.04"]
[Round "1.6"]
[White "Knott, Simon"]
[Black "Zeidler, Sven P"]
[Result "0-1"]
[WhiteElo "2348"]
[BlackElo "2224"]
[PlyCount "108"]
[EventDate "2008.10.04"]
[SourceDate "2008.10.04"]

1. Nf3 f5 2. g3 Nf6 3. Bg2 g6 4. O-O Bg7 5. c4 d6 6. d4 O-O 7. Nc3 c6 8. Rb1
Ne4 9. Nxe4 fxe4 10. Nd2 d5 11. e3 Kh8 12. b4 Nd7 13. b5 e5 14. Ba3 Re8 15.
bxc6 bxc6 16. Qa4 Nb6 17. Qxc6 Bd7 18. Qb7 Bc8 19. Qc6 Bd7 20. Qc5 Rc8 21. Qa5
exd4 22. cxd5 dxe3 23. Nxe4 Bf5 24. Nd6 Nc4 25. Qxd8 Rexd8 26. Nxc4 exf2+ 27.
Rxf2 Bxb1 28. Nd6 Rxd6 29. Bxd6 Bd4 30. Be7 Rc1+ 31. Bf1 Bxf2+ 32. Kxf2 Bxa2
33. d6 Be6 34. Bb5 Kg7 35. Ke3 Kf7 36. Kd4 h6 37. Bd8 a6 38. Bd3 g5 39. Bc7 Rd1
40. Kc3 Ra1 41. Kb4 Bd7 42. Kc5 a5 43. g4 a4 44. Bf5 a3 45. Kb4 a2 46. Ka3 Bxf5
47. gxf5 Rh1 48. Kxa2 Rxh2+ 49. Kb3 Rd2 50. Kc3 Rd1 51. Kc4 g4 52. Kc5 g3 53.
d7 g2 54. d8=N+ Rxd8 0-1

[Event "4NCL/Div1a/SWD1 vs. BAR1"]
[Site "Sunningdale ENG"]
[Date "2008.10.04"]
[Round "1.7"]
[White "Morris, Charles F"]
[Black "Rogers, Jonathan W"]
[Result "1-0"]
[WhiteElo "2195"]
[BlackElo "2347"]
[PlyCount "105"]
[EventDate "2008.10.04"]
[SourceDate "2008.10.04"]

1. c4 a5 2. d4 e5 3. dxe5 Nc6 4. Nf3 Bb4+ 5. Nbd2 a4 6. a3 Ba5 7. Rb1 b6 8. b4
axb3 9. Rxb3 Qe7 10. Qc2 Bb7 11. Bb2 O-O-O 12. e3 f6 13. Rb5 fxe5 14. Nxe5 Ba6
15. Rxa5 Nxa5 16. c5 Bxf1 17. cxb6 d6 18. Qf5+ Kb7 19. Nf7 Rf8 20. Qd5+ Nc6 21.
Nxh8 Nf6 22. Bxf6 Qxf6 23. Rxf1 Rxh8 24. Ke2 Qe5 25. Qxe5 Nxe5 26. bxc7 Kxc7
27. Rc1+ Kd7 28. Nc4 Nf7 29. a4 Ke6 30. Nb6 Rb8 31. a5 Rb7 32. Rc8 Ra7 33. Re8+
Kf5 34. Ra8 Rb7 35. Rf8 Kg6 36. Nc4 Rb4 37. Kd3 d5 38. Nb6 Rb5 39. Kd4 Rxa5 40.
f4 Nh6 41. Nxd5 Ra2 42. Ne7+ Kh5 43. Nf5 Rxg2 44. Nxh6 Kxh6 45. e4 Rxh2 46. e5
Re2 47. Kd5 g5 48. f5 Kg7 49. Ra8 g4 50. f6+ Kf7 51. Ra4 Kf8 52. Ke6 h6 53.
Ra8# 1-0

[Event "4NCL/Div1a/SWD1 vs. BAR1"]
[Site "Sunningdale ENG"]
[Date "2008.10.04"]
[Round "1.8"]
[White "Lauterbach, Ingrid"]
[Black "Blackburn, Suzie"]
[Result "1-0"]
[WhiteElo "2178"]
[BlackElo "1883"]
[PlyCount "121"]
[EventDate "2008.10.04"]
[SourceDate "2008.10.04"]

1. Nf3 e6 2. g3 Nf6 3. Bg2 d5 4. d3 Nbd7 5. Nbd2 b6 6. O-O Bb7 7. Re1 Be7 8. c3
c5 9. Qc2 O-O 10. e4 dxe4 11. dxe4 e5 12. Nc4 Qc7 13. a4 a6 14. Nfd2 Ne8 15.
Ne3 Ndf6 16. Ndf1 Nd6 17. Nd5 Nxd5 18. exd5 Bf6 19. Ne3 Rfe8 20. Ng4 Qd8 21. c4
h5 22. Nxf6+ Qxf6 23. Ra3 b5 24. axb5 axb5 25. Rxa8 Rxa8 26. cxb5 Nxb5 27. Qe2
Nc7 28. Qxh5 Bxd5 29. Bxd5 Nxd5 30. Rxe5 g6 31. Qg5 Qxg5 32. Bxg5 Ra1+ 33. Kg2
Rd1 34. Re8+ Kg7 35. Kf3 f6 36. Be3 Nxe3 37. Rxe3 Rd2 38. Re7+ Kh6 39. Rb7 g5
40. Ke3 Rc2 41. h3 Kg6 42. f4 Rh2 43. fxg5 fxg5 44. Kf3 Rd2 45. Rb6+ Kf7 46.
Kg4 Rd5 47. Rc6 Kg7 48. Kh5 Re5 49. Rg6+ Kf7 50. Rxg5 Re3 51. Kh4 c4 52. Rb5
Re4+ 53. g4 Re3 54. Rc5 Rb3 55. Rxc4 Rxb2 56. Kh5 Rb5+ 57. g5 Re5 58. h4 Re2
59. Kh6 Re6+ 60. Kh7 Re7 61. Rf4+ 1-0

[Event "4NCL/Div1a/RIC vs. GUI2"]
[Site "Sunningdale ENG"]
[Date "2008.10.05"]
[Round "2.1"]
[White "Bates, Richard A"]
[Black "Kosten, Anthony C"]
[Result "1/2-1/2"]
[WhiteElo "2387"]
[BlackElo "2510"]
[PlyCount "30"]
[EventDate "2008.10.05"]
[SourceDate "2008.10.04"]

1. d4 Nf6 2. Nf3 e6 3. c4 Bb4+ 4. Bd2 a5 5. g3 d5 6. Bg2 dxc4 7. O-O Nc6 8. e3
O-O 9. Qc2 Bd6 10. Qxc4 e5 11. dxe5 Nxe5 12. Nxe5 Bxe5 13. Bc3 Qe7 14. Qb5 Bxc3
15. Nxc3 c6 1/2-1/2

[Event "4NCL/Div1a/RIC vs. GUI2"]
[Site "Sunningdale ENG"]
[Date "2008.10.05"]
[Round "2.2"]
[White "Flear, Glenn C"]
[Black "Wall, Gavin"]
[Result "1/2-1/2"]
[WhiteElo "2473"]
[BlackElo "2307"]
[PlyCount "80"]
[EventDate "2008.10.05"]
[SourceDate "2008.10.04"]

1. d4 f5 2. Nc3 Nf6 3. Bg5 d5 4. Bxf6 exf6 5. e3 Be6 6. Nge2 Nc6 7. Nf4 Bf7 8.
a3 Ne7 9. Bd3 Qd7 10. Qf3 c6 11. h4 Nc8 12. h5 Nd6 13. Qh3 Ne4 14. Nce2 Rg8 15.
f3 g5 16. hxg6 hxg6 17. fxe4 fxe4 18. Bxe4 dxe4 19. Qxd7+ Kxd7 20. Kd2 Rg7 21.
g4 c5 22. c3 b5 23. b4 cxb4 24. axb4 a6 25. Ng3 f5 26. gxf5 gxf5 27. Nxf5 Rg5
28. Nh4 Kc6 29. Ra5 Bd6 30. Nhg2 Bc7 31. Rh6+ Kb7 32. Ra1 Bc4 33. Rh7 Rag8 34.
Nh4 R8g7 35. Rh6 Bxf4 36. exf4 Rg3 37. Rhxa6 e3+ 38. Kc2 Rg2+ 39. Nxg2 Rxg2+
40. Kc1 Rg1+ 1/2-1/2

[Event "4NCL/Div1a/RIC vs. GUI2"]
[Site "Sunningdale ENG"]
[Date "2008.10.05"]
[Round "2.3"]
[White "Bisby, Daniel L"]
[Black "Shaw, John K"]
[Result "1/2-1/2"]
[WhiteElo "2287"]
[BlackElo "2469"]
[PlyCount "53"]
[EventDate "2008.10.05"]
[SourceDate "2008.10.04"]

1. e4 d6 2. d4 Nf6 3. Nc3 e5 4. Nge2 Be7 5. f3 exd4 6. Nxd4 O-O 7. Be3 d5 8.
exd5 Nxd5 9. Nxd5 Qxd5 10. Nb5 Qe6 11. Qe2 Na6 12. Nd4 Qd5 13. Qd2 Re8 14. Bxa6
Bg5 15. Ne2 Qxd2+ 16. Bxd2 Bxd2+ 17. Kxd2 bxa6 18. Rae1 Bb7 19. Nc3 Rad8+ 20.
Kc1 Bc6 21. Rxe8+ Rxe8 22. Rd1 f6 23. b3 Kf7 24. Kb2 g5 25. Rd4 h5 26. h4 Re6
27. b4 1/2-1/2

[Event "4NCL/Div1a/RIC vs. GUI2"]
[Site "Sunningdale ENG"]
[Date "2008.10.05"]
[Round "2.4"]
[White "Buckley, Graeme"]
[Black "Muter, Donny"]
[Result "1/2-1/2"]
[WhiteElo "2399"]
[BlackElo "2190"]
[PlyCount "214"]
[EventDate "2008.10.05"]
[SourceDate "2008.10.04"]

1. d4 d5 2. c4 e6 3. Nf3 Nf6 4. Bg5 Be7 5. e3 Nbd7 6. Nc3 O-O 7. Rc1 c6 8. Bd3
dxc4 9. Bxc4 b5 10. Bd3 Bb7 11. O-O a6 12. e4 c5 13. e5 Nd5 14. Ne4 cxd4 15.
Bb1 Nxe5 16. Nxe5 Bxg5 17. Nc6 Bxc6 18. Rxc6 Bf6 19. Qf3 Qd7 20. Rd6 Qe7 21.
Nxf6+ Nxf6 22. Rxd4 Rad8 23. Rh4 h6 24. a4 Qc5 25. Bd3 Rd5 26. axb5 axb5 27.
Ra1 Rfd8 28. Bf1 Rd2 29. b4 Qe5 30. Rc1 Ra2 31. Rf4 Ra1 32. Rxa1 Qxa1 33. g3
Rd1 34. Qe2 Rd5 35. Kg2 Nd7 36. Re4 Qf6 37. Re3 Qe7 38. Qb2 Qd6 39. Rc3 Nf8 40.
Rc8 Rd2 41. Qc3 Qd4 42. Qf3 Qxb4 43. Bd3 Qd6 44. Bxb5 Qd5 45. Qxd5 Rxd5 46. Be8
g5 47. Rc7 Rf5 48. Ba4 Kg7 49. Bd1 Rd5 50. Bh5 Rd7 51. Rc4 Nh7 52. h4 f5 53.
hxg5 hxg5 54. Be8 Re7 55. Rc8 g4 56. Ba4 Rb7 57. Bc6 Ra7 58. Bb5 Ng5 59. Rc2
Nf3 60. Rc1 Kf6 61. Be2 Nd4 62. Bd1 Ra2 63. Rc4 e5 64. Ra4 Rb2 65. Ra6+ Kg5 66.
Rd6 Ra2 67. Kf1 Ra1 68. Ke1 Nf3+ 69. Ke2 Ra2+ 70. Ke3 Nh2 71. Be2 f4+ 72. gxf4+
exf4+ 73. Kd3 f3 74. Rd5+ Kh4 75. Bxf3 Nxf3 76. Ke3 Ng1 77. Rd1 Re2+ 78. Kd3
Rxf2 79. Rxg1 Kh3 80. Rh1+ Kg2 81. Rh8 g3 82. Ke3 Rf7 83. Ke2 Re7+ 84. Kd2 Kf2
85. Rf8+ Kg1 86. Rh8 g2 87. Rh6 Rf7 88. Ke2 Re7+ 89. Kd2 Re5 90. Rh8 Re4 91.
Kd3 Kf2 92. Rf8+ Ke1 93. Kxe4 g1=Q 94. Rf5 Ke2 95. Ke5 Ke3 96. Kd5 Qg2+ 97. Ke5
Qc6 98. Rf6 Qc3+ 99. Ke6 Ke4 100. Ke7 Qc7+ 101. Ke8 Ke5 102. Rg6 Kf5 103. Rh6
Qc8+ 104. Ke7 Qc5+ 105. Kf7 Qc7+ 106. Ke8 Qe5+ 107. Kf7 Qc7+ 1/2-1/2

[Event "4NCL/Div1a/RIC vs. GUI2"]
[Site "Sunningdale ENG"]
[Date "2008.10.05"]
[Round "2.5"]
[White "Osborne, Marcus E"]
[Black "Tissir, Mohamed"]
[Result "0-1"]
[WhiteElo "2199"]
[BlackElo "2463"]
[PlyCount "60"]
[EventDate "2008.10.05"]
[SourceDate "2008.10.04"]

1. d4 d5 2. c4 c6 3. Nf3 Nf6 4. e3 e6 5. Bd3 Nbd7 6. O-O Bd6 7. Nc3 dxc4 8.
Bxc4 b5 9. Bd3 O-O 10. Qc2 Bb7 11. a3 a5 12. e4 e5 13. dxe5 Nxe5 14. Nxe5 Bxe5
15. h3 Re8 16. Be3 Bxc3 17. bxc3 c5 18. Bxb5 Rxe4 19. Rfd1 Qc7 20. Bg5 Ng4 21.
hxg4 Rxg4 22. Qd2 h6 23. Be3 Rxg2+ 24. Kf1 Qh2 25. Qd7 Bf3 26. Ke1 Qh4 27. Bd3
Rg1+ 28. Kd2 Rxd1+ 29. Rxd1 Bxd1 30. Bxc5 Bg4 0-1

[Event "4NCL/Div1a/RIC vs. GUI2"]
[Site "Sunningdale ENG"]
[Date "2008.10.05"]
[Round "2.6"]
[White "Muir, Andrew J"]
[Black "Meyer, Gordon"]
[Result "0-1"]
[WhiteElo "2359"]
[BlackElo "2161"]
[PlyCount "88"]
[EventDate "2008.10.05"]
[SourceDate "2008.10.04"]

1. d4 Nf6 2. c4 g6 3. Nc3 Bg7 4. e4 d6 5. f3 O-O 6. Be3 Nbd7 7. Nh3 c5 8. d5 h5
9. Be2 Ne5 10. Nf2 e6 11. h3 exd5 12. cxd5 Re8 13. O-O a6 14. a4 Rb8 15. Rb1
Ned7 16. Re1 Nh7 17. Qc2 Qh4 18. Qd2 f5 19. exf5 gxf5 20. f4 Re7 21. Kh2 Ndf8
22. a5 b5 23. axb6 Rxb6 24. g3 Qf6 25. Bxh5 Rb8 26. Nd3 Qh6 27. Bf3 Nf6 28. Kg2
Ne4 29. Bxe4 fxe4 30. Nf2 Qh8 31. Rec1 Ng6 32. Rc2 Rb3 33. Rh1 Rxb2 34. Ncxe4
Rb3 35. g4 Nh4+ 36. Kg3 Bd4 37. Re1 Nf5+ 38. gxf5 Bxf5 39. Kh2 Rxe4 40. Bxd4
Rxh3+ 41. Kg2 Rh2+ 42. Kg1 Qh4 43. Rxe4 Bxe4 44. Rc3 Rxf2 0-1

[Event "4NCL/Div1a/RIC vs. GUI2"]
[Site "Sunningdale ENG"]
[Date "2008.10.05"]
[Round "2.7"]
[White "Franklin, Michael J"]
[Black "Cooksey, Paul S"]
[Result "1/2-1/2"]
[WhiteElo "2232"]
[BlackElo "2304"]
[PlyCount "42"]
[EventDate "2008.10.05"]
[SourceDate "2008.10.04"]

1. d4 d5 2. Nf3 c6 3. e3 Bg4 4. Nbd2 Nd7 5. Be2 e6 6. c3 Ngf6 7. Qc2 Bd6 8. e4
dxe4 9. Nxe4 Nxe4 10. Qxe4 Nf6 11. Qc2 Qc7 12. h3 Bh5 13. Bd2 Nd5 14. Ng1 Bg6
15. Bd3 O-O 16. Ne2 e5 17. O-O Rfe8 18. dxe5 Bxe5 19. Bxg6 hxg6 20. Rfe1 Re7
21. Kf1 Rae8 1/2-1/2

[Event "4NCL/Div1a/RIC vs. GUI2"]
[Site "Sunningdale ENG"]
[Date "2008.10.05"]
[Round "2.8"]
[White "Sandu, Mihaela"]
[Black "Sirisena, Chantal N"]
[Result "1-0"]
[WhiteElo "2273"]
[BlackElo "1935"]
[PlyCount "43"]
[EventDate "2008.10.05"]
[SourceDate "2008.10.04"]

1. e4 d6 2. d4 g6 3. Nc3 Bg7 4. Be3 c6 5. Qd2 Nd7 6. Nf3 b5 7. Bd3 Qc7 8. O-O
Ngf6 9. Bh6 O-O 10. Bxg7 Kxg7 11. Ne2 Bb7 12. Ng3 a6 13. Qg5 e5 14. Nf5+ Kh8
15. Nxd6 Qxd6 16. dxe5 Nxe5 17. Nxe5 Rae8 18. Nf3 Nxe4 19. Bxe4 Rxe4 20. Qh6
Qe7 21. Ng5 f5 22. Nxh7 1-0

[Event "4NCL/Div1a/BAR1 vs. WGHK1"]
[Site "Sunningdale ENG"]
[Date "2008.10.05"]
[Round "2.3"]
[White "D'Costa, Lorin A R"]
[Black "Greet, Andrew N"]
[Result "1/2-1/2"]
[WhiteElo "2411"]
[BlackElo "2440"]
[PlyCount "105"]
[EventDate "2008.10.05"]
[SourceDate "2008.10.04"]

1. Nf3 Nf6 2. c4 e6 3. d4 b6 4. g3 Ba6 5. Qc2 Bb4+ 6. Bd2 Be7 7. Bg2 O-O 8. Ne5
c6 9. c5 d6 10. cxd6 Qxd6 11. Bc3 Bb7 12. O-O Nbd7 13. e4 c5 14. Nxf7 Rxf7 15.
e5 Qc7 16. Bxb7 Qxb7 17. exf6 Nxf6 18. Nd2 cxd4 19. Bxd4 Rc8 20. Qb3 Qd5 21.
Qxd5 exd5 22. Rac1 Rff8 23. Kg2 Bc5 24. Bxf6 gxf6 25. Nb3 Kf7 26. Rc2 Bd6 27.
Rd2 Rfd8 28. Rfd1 Be5 29. f4 Bb8 30. Rxd5 Rxd5 31. Rxd5 Ke6 32. Rd2 a6 33. Kf3
b5 34. Nd4+ Kf7 35. Nb3 Rc7 36. Ke4 Ba7 37. a3 b4 38. axb4 Rb7 39. Kd3 Rxb4 40.
Kc2 Rc4+ 41. Kd1 Be3 42. Rd3 Bg1 43. Rd2 Kg6 44. Rg2 Bb6 45. Nd2 Ra4 46. b3 Ra2
47. Re2 Kf5 48. Nc4 Ra1+ 49. Kd2 Bc5 50. Kd3 a5 51. Ne5 a4 52. bxa4 Rxa4 53.
Nc4 1/2-1/2

[Event "4NCL/Div1a/BAR1 vs. WGHK1"]
[Site "Sunningdale ENG"]
[Date "2008.10.05"]
[Round "2.4"]
[White "Arakhamia-Grant, Ketevan"]
[Black "Ferguson, Mark"]
[Result "1-0"]
[WhiteElo "2448"]
[BlackElo "2398"]
[PlyCount "105"]
[EventDate "2008.10.05"]
[SourceDate "2008.10.04"]

1. e4 e5 2. Nf3 Nc6 3. Bb5 a6 4. Ba4 Nf6 5. O-O Be7 6. Re1 b5 7. Bb3 d6 8. c3
O-O 9. h3 Na5 10. Bc2 c5 11. d4 Qc7 12. d5 Nc4 13. a4 Bd7 14. b3 Na5 15. Nbd2
Rfc8 16. axb5 axb5 17. Nf1 b4 18. c4 Nb7 19. Bb2 Rxa1 20. Qxa1 Qd8 21. Ng3 Ra8
22. Qc1 h6 23. Bb1 Nh7 24. Nf5 Bf6 25. Kh1 Nf8 26. g3 Ng6 27. Nh2 Ne7 28. Ng4
Nxf5 29. exf5 h5 30. Nh2 h4 31. Ng4 hxg3 32. fxg3 Qe7 33. Qd1 Kh7 34. Qf3 Rh8
35. Kg2 Kg8 36. Bc2 Bg5 37. Ra1 f6 38. Ra8+ Be8 39. Nf2 Nd8 40. Ne4 Nf7 41. h4
Bh6 42. Qe2 Kf8 43. Qe1 Kg8 44. Bd1 Kh7 45. Bh5 Nd8 46. Qe2 Rf8 47. Bxe8 Rxe8
48. Qh5 Nf7 49. Rxe8 Qxe8 50. g4 Qe7 51. Bc1 Qa7 52. g5 Qa2+ 53. Nf2 1-0

[Event "4NCL/Div1a/BAR1 vs. WGHK1"]
[Site "Sunningdale ENG"]
[Date "2008.10.05"]
[Round "2.5"]
[White "Cox, John J"]
[Black "Hanley, Craig A"]
[Result "0-1"]
[WhiteElo "2381"]
[BlackElo "2431"]
[PlyCount "48"]
[EventDate "2008.10.05"]
[SourceDate "2008.10.04"]

1. Nf3 g6 2. c4 Bg7 3. Nc3 c5 4. g3 Nc6 5. Bg2 Nh6 6. h4 d6 7. h5 Bg4 8. hxg6
hxg6 9. d3 a6 10. Bd2 Rb8 11. a4 Bd7 12. Nd5 Nf5 13. Rxh8+ Bxh8 14. Bc3 Bxc3+
15. Nxc3 e6 16. Kf1 Qf6 17. Qd2 Ke7 18. Ra3 b6 19. Kg1 Nfd4 20. Ng5 Nb4 21.
Nge4 Qe5 22. Qg5+ Qxg5 23. Nxg5 Nbc2 24. Ra2 Nb3 0-1

[Event "4NCL/Div1a/BAR1 vs. WGHK1"]
[Site "Sunningdale ENG"]
[Date "2008.10.05"]
[Round "2.6"]
[White "Martin, Andrew D"]
[Black "Knott, Simon"]
[Result "1/2-1/2"]
[WhiteElo "2425"]
[BlackElo "2348"]
[PlyCount "45"]
[EventDate "2008.10.05"]
[SourceDate "2008.10.04"]

1. Nf3 Nf6 2. d4 g6 3. c4 Bg7 4. g3 O-O 5. Bg2 d5 6. cxd5 Nxd5 7. O-O Nb6 8.
Nc3 Nc6 9. d5 Na5 10. e4 c6 11. Re1 Re8 12. Bf4 cxd5 13. exd5 Nac4 14. Qb3 Bd7
15. Ne5 Rc8 16. h3 g5 17. Nxc4 gxf4 18. Nxb6 Qxb6 19. Qxb6 axb6 20. gxf4 Rxc3
21. bxc3 Bxc3 22. Rab1 Bxe1 23. Rxe1 1/2-1/2

[Event "4NCL/Div1a/BAR1 vs. WGHK1"]
[Site "Sunningdale ENG"]
[Date "2008.10.05"]
[Round "2.7"]
[White "Devereaux, Maxim"]
[Black "Rechel, Bernd"]
[Result "1-0"]
[WhiteElo "2415"]
[BlackElo "2422"]
[PlyCount "67"]
[EventDate "2008.10.05"]
[SourceDate "2008.10.04"]

1. d4 Nf6 2. Nf3 g6 3. c4 Bg7 4. Nc3 O-O 5. e4 d6 6. Be2 e5 7. O-O Nc6 8. d5
Ne7 9. a4 Nd7 10. a5 f5 11. Ng5 Nf6 12. Qb3 h6 13. Ne6 Bxe6 14. dxe6 Nc6 15.
Be3 f4 16. c5 Qe8 17. e7+ Rf7 18. Bc4 fxe3 19. fxe3 Nxe7 20. Bxf7+ Qxf7 21.
Qxb7 Qe8 22. Qxc7 Qd8 23. Qxd6 Qxd6 24. cxd6 Nc6 25. Ra4 Rd8 26. b4 Rxd6 27. b5
Nd8 28. Rc4 h5 29. Rd1 Rxd1+ 30. Nxd1 Nb7 31. Rc8+ Bf8 32. a6 Nd6 33. b6 axb6
34. Rxf8+ 1-0

[Event "4NCL/Div1a/BAR1 vs. WGHK1"]
[Site "Sunningdale ENG"]
[Date "2008.10.05"]
[Round "2.8"]
[White "McDonald, Neil"]
[Black "Lauterbach, Ingrid"]
[Result "1-0"]
[WhiteElo "2398"]
[BlackElo "2178"]
[PlyCount "91"]
[EventDate "2008.10.05"]
[SourceDate "2008.10.04"]

1. e4 d6 2. d4 g6 3. Nc3 c6 4. Nf3 Bg7 5. Be3 Qb6 6. Rb1 Nf6 7. h3 Nbd7 8. Bd3
Qc7 9. a4 O-O 10. O-O Re8 11. Re1 e5 12. Bc4 exd4 13. Bxd4 Ne5 14. Nxe5 dxe5
15. Be3 Be6 16. Qe2 b6 17. Bxe6 Rxe6 18. Qa6 Re7 19. Red1 Rd7 20. Rxd7 Nxd7 21.
b4 Bf8 22. Qc4 Rc8 23. Rd1 a6 24. Qd3 Nb8 25. Rb1 b5 26. Rb3 Rd8 27. Qe2 Nd7
28. a5 Qb7 29. h4 Be7 30. h5 Nf8 31. hxg6 hxg6 32. Nb1 Ne6 33. Nd2 Nd4 34. Bxd4
Rxd4 35. Rh3 Rxb4 36. Qe3 Bf8 37. Nf3 Bg7 38. Ng5 Qe7 39. Qg3 f6 40. Nf3 Qf7
41. Nh4 g5 42. Nf5 Rxe4 43. Qd3 Re1+ 44. Kh2 Qc4 45. Qd8+ Bf8 46. Rh8+ 1-0

[Event "4NCL/Div1a/WRO1 vs. SAMS"]
[Site "Sunningdale ENG"]
[Date "2008.10.05"]
[Round "2.3"]
[White "McNab, Colin"]
[Black "Roberson, Peter T"]
[Result "1-0"]
[WhiteElo "2455"]
[BlackElo "2236"]
[PlyCount "65"]
[EventDate "2008.10.05"]
[SourceDate "2008.10.04"]

1. c4 b6 2. Nc3 Bb7 3. e4 e5 4. g3 Nc6 5. Bg2 Bc5 6. Nge2 Nge7 7. a3 a5 8. Rb1
O-O 9. O-O d6 10. Kh1 Kh8 11. d3 Qd7 12. Bd2 f5 13. exf5 Nxf5 14. b4 axb4 15.
axb4 Bd4 16. Nxd4 Nfxd4 17. f4 exf4 18. Rxf4 Rxf4 19. Bxf4 Rf8 20. Be4 Nd8 21.
Nd5 N8e6 22. Be3 Nf5 23. Bd2 Ned4 24. Qg4 Qf7 25. Bg2 Bc8 26. Rf1 h5 27. Qd1
Ne6 28. g4 hxg4 29. Qxg4 Nd8 30. Nf4 Kg8 31. Ng6 Re8 32. Qh5 Qe6 33. Bd5 1-0

[Event "4NCL/Div1a/WRO1 vs. SAMS"]
[Site "Sunningdale ENG"]
[Date "2008.10.05"]
[Round "2.4"]
[White "Van Weersel, Arlette"]
[Black "Palliser, Richard"]
[Result "1/2-1/2"]
[WhiteElo "2209"]
[BlackElo "2407"]
[PlyCount "70"]
[EventDate "2008.10.05"]
[SourceDate "2008.10.04"]

1. e4 c5 2. c4 Nc6 3. Ne2 e6 4. Nbc3 Nf6 5. d4 cxd4 6. Nxd4 Bb4 7. Nxc6 bxc6 8.
Bd3 e5 9. O-O O-O 10. f4 d6 11. Qe1 Nd7 12. f5 Ba6 13. Kh1 f6 14. a3 Bc5 15.
Rf3 Bd4 16. Rh3 Nc5 17. Be2 Bxc3 18. Qh4 Kf7 19. Rxc3 Rh8 20. b4 Na4 21. Rg3
Qf8 22. Be3 c5 23. Bd1 Nb6 24. Bh5+ Ke7 25. bxc5 Nxc4 26. Bg1 g5 27. fxg6 hxg6
28. Rxg6 Qf7 29. cxd6+ Nxd6 30. Qg4 Bc8 31. Qf3 Be6 32. Rh6 Qg7 33. Rg6 Qf7 34.
Rh6 Qg7 35. Rg6 Qf7 1/2-1/2

[Event "4NCL/Div1a/WRO1 vs. SAMS"]
[Site "Sunningdale ENG"]
[Date "2008.10.05"]
[Round "2.5"]
[White "Barrett, Steve J"]
[Black "Williams, Samuel G"]
[Result "1-0"]
[WhiteElo "2226"]
[BlackElo "2218"]
[PlyCount "65"]
[EventDate "2008.10.05"]
[SourceDate "2008.10.04"]

1. d4 Nf6 2. c4 g6 3. Nc3 d5 4. Nf3 Bg7 5. Bg5 Ne4 6. Bh4 Nxc3 7. bxc3 dxc4 8.
Qa4+ Nd7 9. e3 O-O 10. Qxc4 b6 11. Be2 Bb7 12. O-O c5 13. Rfd1 Qe8 14. Qb3 cxd4
15. cxd4 Nf6 16. Rac1 Bc6 17. Qa3 a5 18. Ne5 Ba4 19. Re1 b5 20. Qc5 g5 21. Bg3
Ne4 22. Qc7 Nxg3 23. hxg3 Bxe5 24. Qxe5 f6 25. Qe6+ Qf7 26. Bg4 Ra7 27. Qb6 f5
28. Bh5 Qxh5 29. Qxa7 Qf7 30. Rc7 Re8 31. a3 Bb3 32. Qxa5 Qd5 33. Rc5 1-0

[Event "4NCL/Div1a/WRO1 vs. SAMS"]
[Site "Sunningdale ENG"]
[Date "2008.10.05"]
[Round "2.6"]
[White "Ruston, Mark R"]
[Black "Gayson, Peter M"]
[Result "1/2-1/2"]
[WhiteElo "2085"]
[BlackElo "2254"]
[PlyCount "61"]
[EventDate "2008.10.05"]
[SourceDate "2008.10.04"]

1. e4 c5 2. Nc3 e6 3. g3 d5 4. d3 Nf6 5. Bg2 dxe4 6. Nxe4 Be7 7. Be3 Nd5 8. Bd2
Nc6 9. Ne2 O-O 10. O-O e5 11. N4c3 Be6 12. f4 Qd7 13. Kh1 Nxc3 14. Nxc3 Rad8
15. Be3 exf4 16. Bxf4 Bh3 17. Qf3 Nd4 18. Qf2 Bxg2+ 19. Qxg2 b5 20. Rae1 b4 21.
Nd1 Bd6 22. Bxd6 Qxd6 23. Ne3 Qd7 24. b3 Rfe8 25. Nc4 h6 26. Re4 f5 27. Ree1
Kh7 28. Re5 Rxe5 29. Nxe5 Qd5 30. Nf3 Kh8 31. Nxd4 1/2-1/2

[Event "4NCL/Div1a/WRO1 vs. SAMS"]
[Site "Sunningdale ENG"]
[Date "2008.10.05"]
[Round "2.7"]
[White "Adams, David M"]
[Black "Varnam, Liam D"]
[Result "1/2-1/2"]
[WhiteElo "2177"]
[BlackElo "2118"]
[PlyCount "83"]
[EventDate "2008.10.05"]
[SourceDate "2008.10.04"]

1. e4 e5 2. Bc4 Nc6 3. d3 Nf6 4. Nf3 Be7 5. O-O O-O 6. c3 d6 7. Bb3 Na5 8. Bc2
c5 9. h3 b5 10. Re1 Qc7 11. Nbd2 Nc6 12. a4 b4 13. Nc4 Be6 14. Ne3 d5 15. exd5
Nxd5 16. Nxd5 Bxd5 17. Qe2 Bd6 18. Nd2 f5 19. Bb3 Bxb3 20. Nxb3 Qf7 21. Nd2 Na5
22. cxb4 cxb4 23. Nc4 Nxc4 24. dxc4 e4 25. b3 Be5 26. Bb2 Qf6 27. Bxe5 Qxe5 28.
Rac1 Rae8 29. Qd2 a5 30. Rcd1 f4 31. Qd5+ Kh8 32. Qxe5 Rxe5 33. Rd5 Rfe8 34.
Red1 Kg8 35. Kf1 Kf7 36. Ke2 e3 37. Rxe5 Rxe5 38. Rd3 exf2+ 39. Kxf2 Ke6 40. g3
fxg3+ 41. Rxg3 Rf5+ 42. Ke2 1/2-1/2

[Event "4NCL/Div1a/WRO1 vs. SAMS"]
[Site "Sunningdale ENG"]
[Date "2008.10.05"]
[Round "2.8"]
[White "Makepeace, Philip J"]
[Black "Parmar, Amisha"]
[Result "1-0"]
[WhiteElo "2027"]
[BlackElo "1974"]
[PlyCount "81"]
[EventDate "2008.10.05"]
[SourceDate "2008.10.04"]

1. e4 c5 2. Nc3 Nc6 3. f4 g6 4. Nf3 Bg7 5. Bb5 Nd4 6. O-O e6 7. a4 a6 8. Bc4
Ne7 9. e5 d5 10. exd6 Qxd6 11. d3 O-O 12. Ne4 Qc7 13. c3 Ndf5 14. Qe1 Nd5 15.
Nh4 Nd6 16. g4 Nxc4 17. dxc4 Ne7 18. Be3 b6 19. Rd1 Bb7 20. Nd6 Bc6 21. a5 Ba4
22. axb6 Qxb6 23. Rd2 Nd5 24. cxd5 Qxd6 25. dxe6 Qxe6 26. f5 Qc6 27. Qf2 Bb5
28. Re1 Rac8 29. Qf4 Rfe8 30. c4 Ba4 31. Rd5 Bd4 32. Nf3 Bxe3+ 33. Rxe3 Qb6 34.
fxg6 fxg6 35. Ng5 Rf8 36. Qe5 Rce8 37. Ne6 Rf7 38. Rd6 Qb4 39. Rf3 Rfe7 40. Qf4
Qxb2 41. Qf8+ 1-0

[Event "4NCL/Div1a/CAMB1 vs. SWD1"]
[Site "Sunningdale ENG"]
[Date "2008.10.05"]
[Round "2.1"]
[White "Dearing, Eddie"]
[Black "Cobb, James E"]
[Result "1-0"]
[WhiteElo "2393"]
[BlackElo "2451"]
[PlyCount "73"]
[EventDate "2008.10.05"]
[SourceDate "2008.10.04"]

1. d4 d6 2. e4 g6 3. Nf3 Bg7 4. Bc4 Nc6 5. O-O Nf6 6. Nbd2 Nxe4 7. Bxf7+ Kxf7
8. Nxe4 d5 9. Neg5+ Kg8 10. Re1 Qd6 11. Ne5 Nxe5 12. Bf4 Qf6 13. dxe5 Qxf4 14.
Qxd5+ e6 15. Qd8+ Qf8 16. Rad1 Bh6 17. Nf7 Qxd8 18. Rxd8+ Kxf7 19. Rxh8 Bg7 20.
Rd8 g5 21. Re3 b6 22. Rf3+ Ke7 23. Rg8 Bxe5 24. Rff8 Bxb2 25. Rxc8 Rxc8 26.
Rxc8 Be5 27. h3 a5 28. Kf1 Kd6 29. Ke2 b5 30. Kd3 a4 31. Rg8 Bf6 32. Rf8 Ke5
33. Rf7 c5 34. Rxh7 c4+ 35. Kd2 b4 36. Ra7 a3 37. Rb7 1-0